000
00265nam a2200121Ia 4500
100
_a
Dept of Computer engineering
942
_c
BK
245
_a
Structured Programming approach- Sem II
260
_b
#N/A
_c
2013
300
_a
160
546
_a
ENGLISH
999
_c
32139
_d
32139